000 02912cam a22004934i 4500
003 PE-LiUPU
005 20250731184557.0
008 150706s r 000 0 d
035 _a(Sirsi) a48641
040 _aPE-LiUPU
_bspa
_cPE-LiUPU
_erda
049 _aPRUA
082 0 4 _a920
_bE78
_221
100 1 _aEscandón, Rafael,
_eautor.
245 1 0 _aPequeñas biografías de grandes personajes /
_cRafael Escandón.
264 1 _aLima :
_bEditorial Imprenta Unión,
_c2008.
300 _a200 páginas :
_bilustraciones ;
_c20 cm.
336 _atext
_2rdacontent
337 _aunmediated
_2rdamedia
338 _avolume
_2rdacarrier
505 0 _aAlejandro Magno -- Juana de Arco -- Arquímedes -- Miguel A. Asturias -- Juan S. Bach -- Ludwing von Beethoven -- Alejandro Graham Bell -- Simón Bolívar -- Jorge Luis Borges -- Miguel de Cervantes -- Julio Cesar -- Federico Chopín -- Cristóbal Colón -- Nicolás Copérnico -- Hernán Cortés -- Sor Juana Inés de la Cruz -- María Curie -- Rubén Darío -- Walt Disney -- Jorge Eastman -- Tomás A. Edison -- Alberto Einstein -- Henry Ford -- Benjamín Franklin -- Galileo Galiley -- Mahatma Ganchi -- Jorge -F. Handel -- Miguel Hidalgo -- Benito Juárez -- Abrahán Lincoln.-Mahoma -- Guillermo Marconi -- José Martí -- Miguel Ángel -- Gabriel Mistral -- Wolfgang Anadeo Mozart -- Napoleón Bonaparte -- Isaac Newton -- Florencia Nightingale -- Alfredo Novel -- Ricardo Palma -- Luis Pasteur -- Francisco Pizarro -- Poli carpa Salvatierra (La Pola) -- Marco Polo.-Rafael Sanzio -- Joaquín A. Rossini -- José de San Martín -- Domingo F. Sarmiento -- William Shakespeare -- Igor I. Sikorsky -- Sócrates -- Marco Fidel Suárez -- Sun Yat-Sen -- Leonardo de Vinci -- Booker T. Washington -- Jaime Watt -- Wilbur y Orville Wright.
526 _aP136
526 _aP135
526 _aP134
526 _aP133
526 _aP144
526 _aP143
526 _aP87
526 _aP35
526 _aP20
526 _aP14
526 _aP10
526 _aP06
650 0 4 _aBiografías históricas.
910 _bjv
_cng
_d20100525
942 _2ddc
_cBOOK
949 _a920 E78
_wDEWEY
_c1
_i61748
_lCCODEBUL1
_mBUL
_p03.00
_r0
_sY
_tLIBRO
_u2015-07-06
_xTEOLOGIA
_zUNKNOWN
_o.STAFF. Colección General
949 _a920 E78
_wDEWEY
_c2
_i61747
_lCCODEBUL1
_mBUL
_p03.00
_r0
_sY
_tLIBRO
_u2015-07-06
_xTEOLOGIA
_zUNKNOWN
_o.STAFF. Colección General
994 _aC0
_bPEPRU
596 _a1
999 _a920 E78
_wDEWEY
_c50903
_i61748
_d50903
_f2021-11-9
_g5
_lCCODEBUL1
_mBUL
_p3.00
_q1
_r0
_sY
_tBOOK
_u2015-7-6
_xTEOLOGIA
_zUNKNOWN
_0COMPRA
_o.STAFF. Colección General
999 _a920 E78
_wDEWEY
_c2
_i61747
_f2021-11-11
_g5
_lCCODEBUL1
_mBUL
_p3.00
_r0
_sY
_tBOOK
_u2015-7-6
_xTEOLOGIA
_zUNKNOWN
_0COMPRA
_o.STAFF. Colección General
980 _81
_gALBERTO SANCHEZ Responsable de Automatización